|
|
|
|
| LEADER |
01049nam a2200253 a 4500 |
| 001 |
14010333 |
| 008 |
090714s2005 enk b 001 0 eng d |
| 010 |
|
|
|a \\2005298331
|
| 020 |
|
|
|a 0719064228
|
| 020 |
|
|
|a 0719064236 (pbk.)
|
| 040 |
|
|
|a UKM
|c UKM
|d C#P
|d DLC
|
| 082 |
0 |
0 |
|a 822.3/3
|2 22
|
| 100 |
1 |
|
|a Hopkins, Lisa,
|d 1962-
|
| 245 |
1 |
0 |
|a Beginning Shakespeare /
|c Lisa Hopkins.
|
| 260 |
|
|
|a Manchester, UK ;
|a New York :
|b Manchester University Press ;
|a New York :
|b Distributed exclusively in the USA by Palgrave,
|c 2005.
|
| 300 |
|
|
|a viii, 212 p. ;
|c 21 cm.
|
| 490 |
1 |
|
|a Beginnings
|
| 504 |
|
|
|a Includes bibliographical references and index.
|
| 541 |
1 |
|
|e 00016609
|
| 600 |
1 |
0 |
|a Shakespeare, William,
|d 1564-1616
|x Criticism and interpretation
|x History.
|
| 830 |
|
0 |
|a Beginnings (Manchester, England)
|
| 852 |
4 |
|
|a Ayesha Abed Library
|j General shelf
|
| 999 |
|
|
|c 2438
|d 2438
|
| 952 |
|
|
|0 0
|1 0
|2 ddc
|4 0
|6 822_330000000000000_HOP_2007
|7 0
|8 NFIC
|9 2252
|a BRACUL
|b BRACUL
|c GEN
|d 2009-07-15
|g 562.00
|l 7
|m 42
|o 822.33 HOP
|p 3010016609
|r 2025-02-20
|s 2025-02-17
|t 1
|w 2009-07-15
|y BK
|